00449cam a2200157ua 45000010005000000080039000050400009000440820011000531000034000642450067000982500009001652600036001743000023002106530014002336530044002471712110716n ii |||gr||||Z||||||eng cMAIN a333.31 aDutta, Harendra Ch.,eAuthor.1 aLand problems and land reforms in assamcby harendra Ch. Dutta a1st. anew Delhi:bS. Chand & co.,968. aiii; 159p:c23cm. aEconomics aland problems and land reforms in assam